| 000 | 00000nam##2200000za#4500 |
| 001 | 9.663361 |
| 003 | CaOODSP |
| 005 | 20210615121013 |
| 007 | ta |
| 008 | 150407|2001||||xxc||||| f|0| 0 eng|d |
| 020 | |a0-662-66216-4 |
| 040 | |aCaOODSP|beng |
| 041 | |aeng |
| 041 | |afre |
| 043 | |an-cn--- |
| 086 | 1 |aCP32-75/2001 |
| 110 | 1 |aCanada.|bPrivy Council. |
| 245 | 13|aAn accord between the Government of Canada and the voluntary sector |
| 260 | |aOttawa - Ontario : |bPrivy Council |c2001. |
| 300 | |aEnglish text, v, 16p. ; |c22 cm. |
| 500 | |anull |
| 546 | |aBilingual |
| 563 | |aSoftcover |
| 590 | |a01-51|b2001-12-28 |
| 690 | 07|aCharitable organizations|2gcpds |
| 690 | 07|aVolunteer work|2gcpds |
| 690 | 07|aNon profit organizations|2gcpds |
| 690 | 07|aGovernment policy|2gcpds |
| 776 | 0#|tAccord entre le gouvernement du Canada et le secteur bénévole et communautaire |w(CaOODSP)9.639897 |
| 776 | 0#|tAn accord between the Government of Canada and the voluntary sector |w(CaOODSP)9.695775 |
| 792 | |tAccord entre le gouvernement du Canada et le secteur bénévole et communautaire |efre|w(CaOODSP)9.663362 |